000 00302nam a2200133Ia 4500
008 190216s9999||||xx |||||||||||||| ||und||
100 _aHans Raj
245 0 _aTheory And Practice In Social Research
250 _a3rd Ed.
260 _bNull
_c1984
300 _a404
650 _aEconomics
942 _cBK
999 _c9751
_d9751